|
|
|
|
| LEADER |
00873nam a22002417a 4500 |
| 001 |
39245 |
| 003 |
BD-DhAAL |
| 008 |
220726t2020 xxu 0 eng d e en eng d |
| 999 |
|
|
|c 44513
|d 44513
|
| 020 |
|
|
|a 9781492728153
|
| 040 |
|
|
|a BD-DhAAL
|c BD-DhAAL
|
| 082 |
|
|
|a 519.3
|
| 100 |
|
|
|a Spaniel, William
|9 50251
|
| 245 |
|
|
|a Game theory 101 :
|b the complete textbook /
|c William Spaniel.
|
| 260 |
|
|
|a United States :
|b William Spaniel,
|c 2020.
|
| 300 |
|
|
|a 270 pages ;
|c 23 cm.
|
| 526 |
|
|
|a MNS
|
| 541 |
|
|
|a Development Book Agency
|e 39245
|
| 650 |
|
|
|a Game theory.
|9 50252
|
| 650 |
|
|
|a Mathematics.
|9 50253
|
| 852 |
|
|
|a Ayesha Abed Library
|c General Stacks
|
| 942 |
|
|
|2 ddc
|c BK
|
| 952 |
|
|
|0 0
|1 0
|2 ddc
|4 0
|6 519_300000000000000_SPA
|7 0
|9 71196
|a BRACUL
|b BRACUL
|c GEN
|d 2022-07-06
|e Development Book Agency
|g 2400.00
|l 18
|m 73
|o 519.3 SPA
|p 3010039245
|r 2026-04-20
|s 2026-01-18
|t 1
|v 2400.00
|w 2022-07-06
|y BK
|